000 00565nam a2200169 4500
999 _c4233
_d4233
008 160901b xxu||||| |||| 00| 0 eng d
022 _a2094-8042
082 _aDPer 370.105 M72 Jan-Dec 2012 v. 60-61
100 _913905
_aDanganan, Rodel R
243 _aThe modern teacher
245 _aDEPED committing to quality education through K+12/
_cRodel R. Danganan.
260 _aPhilippines:
_bIn the Grade School, Inc.,
_c©2012.
300 _av61 n1, pages 5+;
_c28 cm.
500 _aThe Modern Teacher
650 0 _913906
_aEducation
_xK+12
942 _2ddc
_cPER